V boji proti zápcham nemôže bratislavská radnica čakať na štát
Dopravná situácia v Bratislave - problémy so zápchami. Nevyhovujúca mestská hromadná doprava spôsobuje odlev cestujúcich v prospech individuálnych presunov autom. Dobudovanie dopravnej infraštruktúry by malo zastaviť tento odlev. Úvaha o dokončení dialničného obchvatu okolo Bratislavy. Snaha mesta o...
Saved in:
| Main Author: | |
|---|---|
| Format: | Book Chapter |
| Language: | Slovak |
| Subjects: | |
| Tags: |
No Tags, Be the first to tag this record!
|
MARC
| LEADER | 00000naa$a2200000$$$4500 | ||
|---|---|---|---|
| 001 | 0024333 | ||
| 005 | 20231009081105.0 | ||
| 041 | 0 | |a slo | |
| 044 | |a SK | ||
| 245 | 1 | 0 | |a V boji proti zápcham nemôže bratislavská radnica čakať na štát |c Miro Sedlák |
| 520 | |a Dopravná situácia v Bratislave - problémy so zápchami. Nevyhovujúca mestská hromadná doprava spôsobuje odlev cestujúcich v prospech individuálnych presunov autom. Dobudovanie dopravnej infraštruktúry by malo zastaviť tento odlev. Úvaha o dokončení dialničného obchvatu okolo Bratislavy. Snaha mesta o návrat cestujúcich k MHD. Elektrifikácia dopravy. | ||
| 610 | 2 | 0 | |a doprava hromadná mestská |
| 610 | 2 | 0 | |a doprava automobilová osobná |
| 610 | 2 | 0 | |a infraštruktúra |
| 610 | 2 | 0 | |a doprava |
| 610 | 2 | 0 | |a elektrifikácia |
| 610 | 2 | 0 | |a mosty |
| 610 | 2 | 0 | |a prevádzka dopravy |
| 610 | 2 | 0 | |a Bratislava |
| 100 | 1 | |a Sedlák, Miro | |